| 000 | 00653nam a2200241Ia 4500 | ||
|---|---|---|---|
| 005 | 20260121113211.0 | ||
| 008 | 12105 260114s9999 xx 000 0 eng d | ||
| 020 | _a9789814368186 | ||
| 037 | _aEBOOK | ||
| 040 |
_aCRL _beng _cCRL |
||
| 041 |
_aeng _2eng |
||
| 084 | _qCRL | ||
| 100 |
_aSkowronski J M _9969832 |
||
| 245 | 0 | _aNonlinear Liapunov Dynamics | |
| 260 | _bWorld Scientific | ||
| 260 | _bWSPC | ||
| 260 | _c1990 | ||
| 650 |
_aNonlinear Science, Chaos & Dynamical Systems _9969833 |
||
| 856 | _uhttps://www.worldscientific.com/worldscibooks/10.1142/1082#t=toc | ||
| 942 | _cEBOOK | ||
| 999 |
_c1549405 _d1549405 |
||